000 01500nam0a22003491 4500
001 RU\NLR\INFOCOMM_237\5000000457
005 20250613085857.0
035 _a(NLR Aleph) 009045526
090 _a9560634
_c9560634
100 _a20080821d1991 |||y0rusy50 ca
101 0 _aeng
_drus
102 _aRU
105 _aa z 000zy
200 1 _aCoherent state approach for the Φ⁶-lattice model and phase transitions
_fM. A. Agüero-Granados, V. G. Makhankov
210 _aДубна
_cОбъединенный институт ядерных исследований
_d1991
215 _a15 с.
_cил.
_d21 см
225 1 _aОбъединенный институт ядерных исследований, Дубна
_vЕ2-91-506
300 _aНа 3-й с. обл.: Метод когерентных состояний для Φ⁶-теории и фазовые переходы / Агуэро-Гранадос М.А., Маханьков В. Г.
300 _aРез. на рус. яз.
300 _a"Submitted to "Physics letters A""
320 _aБиблиогр.: с. 15
606 _aФазовые превращения (термод.)
_2nlr_sh1
686 _aВ317.24
_2rubbk
700 1 _aAgüero-Granados
_bM. A.
_4070
701 1 _9z01790
_aMachan'kov
_bV. G.
_gVladimir Grigor'evič
_4070
790 1 _9z01701
_aMakhankov
_bV. G.
_4070
801 1 _aRU
_bNLR
_c20080821
801 0 _aRU
_bNLR
_gPSBO
852 _aNLR
_jФз01 Д-4/6686
942 _cBOOK
980 _aNB